000 00491nam a22001337a 4500
008 230605b xxu||||| |||| 00| 0 eng d
020 _a9780241972786
082 _a320.01
_bCHO
100 _cNaom Chomsky
_d2015
245 _aNaom Chomsky
_bThere is no living political writer who has more radically changed how more people think in more parts of the world about political issues; GLENN GREENWALD
_cMasters of Mankind
260 _aUSA
_bHaymarket Books
_c2015
300 _a167p
942 _2ddc
_cBK
999 _c232
_d232